| 000 | 00611nam a2200205Ia 4500 | ||
|---|---|---|---|
| 001 | 10273 | ||
| 003 | GE_BSU | ||
| 008 | 181216s||||||||xx |||||||||||||| ||und|| | ||
| 040 | _cGE_BSU | ||
| 100 | _aტაბიძე, გალაკტიონ | ||
| 245 | _aლექსები | ||
| 245 | _cრედ:ა.გაბესკირია;მხატვ:.ვ.გრიგოლია | ||
| 260 | _aთბილისი. | ||
| 260 | _bსახელგამი | ||
| 260 | _c1953 | ||
| 300 | _a152გვ;19სმ | ||
| 300 | _b1ფ.პორტრ. | ||
| 653 | _aლექსები | ||
| 942 | _cBK | ||
| 999 |
_c43542 _d43542 |
||